Malé a stredné podniky v jednotlivých ekonomických odvetviach v SR

Význam malých a stredných podnikov na Slovensku, ich podiel v jednotlivých vybraných ekonomických odvetviach Slovenska.

Gespeichert in:
Bibliographische Detailangaben
1. Verfasser: Dobai Korcsmáros, Enikő
Weitere Verfasser: Seres Huszárik, Erika
Format: Buchkapitel
Sprache:Slowakisch
Schlagworte:
Tags: Tag hinzufügen
Keine Tags, Fügen Sie das erste Tag hinzu!

MARC

LEADER 00000naa a2200000 4500
001 0165839
005 20240502072905.2
041 0 |a slo 
044 |a SK 
245 1 0 |a Malé a stredné podniky v jednotlivých ekonomických odvetviach v SR  |c Enikő Dobai Korcsmáros, Erika Seres Huszárik 
520 |a Význam malých a stredných podnikov na Slovensku, ich podiel v jednotlivých vybraných ekonomických odvetviach Slovenska. 
610 2 0 |a podnik malý 
610 2 0 |a Slovensko 
610 2 0 |a prostredie podnikateľské 
610 2 0 |a sektory hospodárske 
610 2 0 |a podnikanie 
100 1 |a Dobai Korcsmáros, Enikő 
700 1 |a Seres Huszárik, Erika